[Event "Lueneburg distr-ch Haupt"]
[Site "Lueneburg"]
[Date "2017.10.12"]
[Round "1"]
[White "Zoellner, Bente"]
[Black "Baron, Jens"]
[Result "0-1"]
[WhiteElo "1293"]
[BlackElo "1858"]
[PlyCount "52"]
[EventDate "2017.10.12"]
[EventType "swiss"]
[EventRounds "7"]
[EventCountry "GER"]
[SourceTitle "EXT 2019"]
[Source "ChessBase"]
[SourceDate "2018.10.10"]
[SourceVersion "1"]
[SourceVersionDate "2018.10.10"]
[SourceQuality "1"]

1. d4 Nf6 2. c4 g6 3. Nc3 d5 4. cxd5 Nxd5 5. e4 Nxc3 6. bxc3 Bg7 7. Nf3 c5 8. Be3 0-0 9. Bc4 Bg4 10. Be2 Nc6 11. Qa4 Bxf3 12. Bxf3 cxd4 13. cxd4 Nxd4 14. Bxd4 Bxd4 15. Rd1 e5 16. 0-0 Qg5 17. Qd7 b6 18. Qg4 Qf6 19. Qh3 Rfd8 20. Qh6 Bc5 21. Rd5 Rd6 22. Rfd1 Rad8 23. Kf1 Rxd5 24. Rxd5 Rxd5 25. exd5 e4 26. Qd2 exf3 0-1

[Event "Dortmund Sparkassen op-B"]
[Site "Dortmund"]
[Date "2006.08.06"]
[Round "9"]
[White "Haidar, Marcel"]
[Black "Baron, Jens"]
[Result "0-1"]
[WhiteElo "1475"]
[BlackElo "1316"]
[PlyCount "50"]
[EventDate "2006.07.28"]
[EventType "swiss"]
[EventRounds "9"]
[EventCountry "GER"]
[SourceTitle "CBM 113 Extra"]
[Source "ChessBase"]
[SourceDate "2006.09.14"]
[SourceVersion "1"]
[SourceVersionDate "2006.09.14"]
[SourceQuality "1"]

1. c4 Nf6 2. d4 c5 3. d5 b5 4. cxb5 a6 5. Nc3 g6 6. e4 d6 7. Nf3 Bg7 8. bxa6 Bxa6 9. Bxa6 Nxa6 10. 0-0 0-0 11. Re1 Qd7 12. Bg5 Rfb8 13. Re2 Nc7 14. Qd2 Nb5 15. Bh6 Bh8 16. a3 Ng4 17. Nd1 Nxh6 18. Qxh6 Bg7 19. Qc1 Rb6 20. Rc2 Qg4 21. e5 Nd4 22. Nxd4 Qxd4 23. exd6 exd6 24. Rd2 Qe5 25. Qc2 Qe1# 0-1